| 000 | 01144cad a22002055a 4500 | ||
|---|---|---|---|
| 001 | L150470 | ||
| 008 | 100716s2010 xxk 000 0 eng d | ||
| 035 | _a(Sirsi) u150470 | ||
| 041 | 0 | _aeng | |
| 110 | 2 |
_aUnited Kingdom _bDepartment for Environment, Food and Rural Affairs |
|
| 245 | 0 | 0 |
_aGuidance on concessionary schemes for surface water drainage charges _bref: (27/10) _h[electronic resource] |
| 260 |
_aLondon _bDEFRA _c2010 |
||
| 520 | _aConsultation seeks views on guidance to water and sewerage companies on concessionary schemes for community groups to protect them from unaffordable surface water drainage charges. Areas including in this consultation are; guidance on concessionary schemes for surface water drainage charges and the community groups that should benefit from any such schemes. | ||
| 590 | _aKA | ||
| 650 | 2 | 4 | _aFLOOD AND WATER MANAGEMENT ACT 2010 |
| 651 | 4 |
_aEngland and Wales _y1543- |
|
| 690 | _aENVIRONMENTAL AND LAND CONSULTANCY-WATER RESOURCE MANAGEMENT | ||
| 856 | 4 | 0 |
_uhttps://archive.defra.gov.uk/corporate/consult/surface-charges/ _zView the consultation free of charge at www.defra.gov.uk |
| 942 | _n0 | ||
| 999 |
_c110888 _d110888 |
||